The diplomacy of economic development / (Record no. 17877)
[ view plain ]
| 000 -LEADER | |
|---|---|
| fixed length control field | 00935nam a2200253uu 4500 |
| 001 - CONTROL NUMBER | |
| control field | 010903933 |
| 005 - DATE AND TIME OF LATEST TRANSACTION | |
| control field | 20161130144610.0 |
| 008 - FIXED-LENGTH DATA ELEMENTS--GENERAL INFORMATION | |
| fixed length control field | 040420s1960 xxk gr f000 ||eng |
| 040 ## - CATALOGING SOURCE | |
| Transcribing agency | WSU |
| Modifying agency | OKO |
| -- | Uk |
| 082 04 - DEWEY DECIMAL CLASSIFICATION NUMBER | |
| Edition number | 22 |
| Classification number | 338.91 |
| Item number | BLA |
| 100 1# - MAIN ENTRY--PERSONAL NAME | |
| Personal name | Black, Eugene Robert, |
| Dates associated with a name | 1898- |
| 9 (RLIN) | 34699 |
| 245 14 - TITLE STATEMENT | |
| Title | The diplomacy of economic development / |
| Statement of responsibility, etc | Eugene R. Black ; with a foreword by Christian A. Herter. |
| 260 ## - PUBLICATION, DISTRIBUTION, ETC. (IMPRINT) | |
| Place of publication, distribution, etc | Cambridge, United Kingdom : |
| Name of publisher, distributor, etc | Harvard University Press, |
| Date of publication, distribution, etc | 1960. |
| 300 ## - PHYSICAL DESCRIPTION | |
| Extent | x, 74p. ; |
| Dimensions | 22 cm. |
| 490 0# - Series Statement | |
| Series statement | The William L. Clayton lectures on international economic affairs and foreign policy |
| 500 ## - GENERAL NOTE | |
| General note | Index : p.73-74. |
| 500 ## - GENERAL NOTE | |
| General note | Include appendix. |
| 650 #0 - SUBJECT ADDED ENTRY--TOPICAL TERM | |
| Topical term or geographic name as entry element | Economic development. |
| 9 (RLIN) | 10495 |
| 653 ## - INDEX TERM--UNCONTROLLED | |
| Resource For college | |
| Arrived date list | December2013 |
| 655 ## - INDEX TERM--GENRE/FORM | |
| Form subdivision | |
| -- | 34232 |
| 650 #0 - SUBJECT ADDED ENTRY--TOPICAL TERM | |
| 9 (RLIN) | 34701 |
| Topical term or geographic name as entry element | Economic assistance |
| 700 1# - ADDED ENTRY--PERSONAL NAME | |
| 9 (RLIN) | 34700 |
| Personal name | Herter, Christian A. |
| Relator term | author of introduction, etc. |
| 942 ## - ADDED ENTRY ELEMENTS (KOHA) | |
| Source of classification or shelving scheme | Dewey Decimal Classification |
| Item type | Book - Borrowing |
| Call number prefix | 338.91 BLA |
| Withdrawn status | Item status | Source of classification or shelving scheme | Damaged status | Not for loan | Vendor | Home library | Current library | Shelving location | Date acquired | Source of acquisition | Total Checkouts | Full call number | Barcode | Date last seen | Koha item type |
|---|---|---|---|---|---|---|---|---|---|---|---|---|---|---|---|
| Dewey Decimal Classification | Donation-Gift | Central Library | Central Library | First floor | 19/12/2013 | Donation | 338.91 BLA | 000035245 | 15/07/2025 | Book - Borrowing |